DBT Skills Training Handouts and Worksheets (Record no. 138069)

MARC details
000 -LEADER
fixed length control field 00541nam a22002177a 4500
003 - CONTROL NUMBER IDENTIFIER
control field OSt
005 - DATE AND TIME OF LATEST TRANSACTION
control field 20260427143850.0
008 - FIXED-LENGTH DATA ELEMENTS--GENERAL INFORMATION
fixed length control field 260427b |||||||| |||| 00| 0 eng d
020 ## - INTERNATIONAL STANDARD BOOK NUMBER
International Standard Book Number 978-1-57230-781-0
040 ## - CATALOGING SOURCE
Transcribing agency SBCL
082 ## - DEWEY DECIMAL CLASSIFICATION NUMBER
Classification number 616. 891
Item number LIN-N
100 ## - MAIN ENTRY--PERSONAL NAME
Personal name Linehan,Marsha M.
245 ## - TITLE STATEMENT
Title DBT Skills Training Handouts and Worksheets
250 ## - EDITION STATEMENT
Edition statement 2nd ed.
260 ## - PUBLICATION, DISTRIBUTION, ETC.
Place of publication, distribution, etc. New York
Name of publisher, distributor, etc. The Guilford Press
Date of publication, distribution, etc. 2015
300 ## - PHYSICAL DESCRIPTION
Extent 441 p.
630 ## - SUBJECT ADDED ENTRY--UNIFORM TITLE
General subdivision Technology
650 ## - SUBJECT ADDED ENTRY--TOPICAL TERM
Topical term or geographic name entry element Medicine & health
650 ## - SUBJECT ADDED ENTRY--TOPICAL TERM
Topical term or geographic name entry element Diseases
942 ## - ADDED ENTRY ELEMENTS (KOHA)
Koha item type BOOK
Holdings
Withdrawn status Lost status Source of classification or shelving scheme Damaged status Not for loan Collection code Home library Current library Date acquired Total Checkouts Full call number Barcode Shelving location Date last seen Cost, replacement price Price effective from Koha item type
    Dewey Decimal Classification     Psychology Department SB LIBRARY SB LIBRARY 27/04/2026   616.891 LIN-D 143661 GENERAL STACK 27/04/2026 1650.00 27/04/2026 BOOK

Powered by Koha